1009 1258 1461 1480 1173 1332 1056 1998 1987 1509 1678 1760 1471 1119 1193 1802 1399 1377 1341 1114 1737 1150 1187 1007 1467 1684 1568 1717 1921 1670 1172 1317 1533 1432 1552 1389 1994 1083 1687 1356 1608 1298 1484 1213 1852 1520 1355 1596 1531 1763 1574 1373 1690 1749 1548 1530 1145 1331 1844 1034 1428 1720 1391 1672 1342 1005 1586 1483 1835 1652 1337 1538 1009 1111 1413 1549 1701 1625 1584 1012 1731 1842 1396 1592 1558 1614 1425 1377 1019 1289 1635 1273 1107 1426 1194 1617 1457 1242 1785 BCNSPRNW ULIB Ver.6.0+V

เปลี่ยนเป็นภาษาไทย

Change to English
 แสดงรายละเอียดบรรณานุกรม
  กลับหน้าหลัก

Brief Record : Get Marc (ISO 2709) : E-mail record : QR code < ปิดหน้าต่าง
LEADER : 00000nam 2200000uu 4500
001    13399124920
003     ULIB
008    160512s2556||||th 000 0 tha d
020    ^a9786162232534 (ล.1)
060  4 ^aWS100^bต367ก ล.1
245 00 ^aตำรากุมารเวชศาสตร์ เล่ม 1=^bPediatrics /^cสุวรรณี วิษณุโยธิน ...[และคนอื่น ๆ] ^eบรรณาธิการ
246 31 ^aPediatrics
250    ^aพิมพ์ครั้งที่ 1
260    ^aขอนแก่น :^bภาควิชากุมารเวชศาสตร์ คณะแพทยศาสตร์มหาวิทยาลัยขอนแก่น,^c2556
300    ^a2 เล่ม :^bภาพประกอบ
650  7 ^aกุมารเวชศาสตร์
650  7 ^aโรค^xในวัยทารกและเด็ก
694    ^aHealth sciences branch
700 0  ^aสุวรรณี วิษณุโยธิน,^eบรรณาธิการ^ukku-m
710 2  ^aมหาวิทยาลัยขอนแก่น.^bคณะแพทยศาสตร์.^bภาควิชากุมารเวชศาสตร์
945    ^p520^l0^i000727
945    ^p520^l0^i000728
945    ^p520^l0^i000729
945    ^p520^l0^i000730
945    ^p520^l0^i000731
945    ^p520^l0^i000732
945    ^p520^l0^i000733
945    ^p520^l0^i000734
945    ^p520^l0^i000735
945    ^p520^l0^i000736
999    เล่ม1^aวรรณษา ชูชัยมงคล
รายการนี้ยังไม่มีแท็ก
คุณยังไม่ได้ล็อกอิน คุณสามารถมีกิจกรรมร่วมกับเว็บไซต์ได้ แต่ต้องล็อกอินก่อน ::
  ล็อกอิน

รายการสื่อสารสนเทศ

ลำดับที่ ประเภท เลขเรียก/บาร์โค้ด สถานที่ สถานะ
1. วิทยาศาสตร์การแพทย์ และสุขภาพ
หนังสือสำรอง
สถานะ=หนังสือสำรอง
WS100 ต367ก ล.1 ฉ.1 
  Barcode: 000727
ห้องสมุดวิทยาเขตสวรรค์ประชารักษ์
►ส่วนจัดเก็บหนังสือเก่า สปร
บนชั้น
  ขอยืม
2. วิทยาศาสตร์การแพทย์ และสุขภาพ
วิทยาศาสตร์การแพทย์ และสุขภาพ
WS100 ต367ก ล.1 ฉ.10 
  Barcode: 000736
ห้องสมุดวิทยาเขตสวรรค์ประชารักษ์
►ส่วนจัดเก็บหนังสือเก่า สปร
บนชั้น
  ขอยืม
3. วิทยาศาสตร์การแพทย์ และสุขภาพ
วิทยาศาสตร์การแพทย์ และสุขภาพ
WS100 ต367ก ล.1 ฉ.2 
  Barcode: 000728
ห้องสมุดวิทยาเขตสวรรค์ประชารักษ์
►ส่วนจัดเก็บหนังสือเก่า สปร
บนชั้น
  ขอยืม
4. วิทยาศาสตร์การแพทย์ และสุขภาพ
วิทยาศาสตร์การแพทย์ และสุขภาพ
WS100 ต367ก ล.1 ฉ.3 
  Barcode: 000729
ห้องสมุดวิทยาเขตสวรรค์ประชารักษ์
►ส่วนจัดเก็บหนังสือเก่า สปร
บนชั้น
  ขอยืม
5. วิทยาศาสตร์การแพทย์ และสุขภาพ
วิทยาศาสตร์การแพทย์ และสุขภาพ
WS100 ต367ก ล.1 ฉ.4 
  Barcode: 000730
ห้องสมุดวิทยาเขตสวรรค์ประชารักษ์
►ส่วนจัดเก็บหนังสือเก่า สปร
บนชั้น
  ขอยืม
6. วิทยาศาสตร์การแพทย์ และสุขภาพ
วิทยาศาสตร์การแพทย์ และสุขภาพ
WS100 ต367ก ล.1 ฉ.5 
  Barcode: 000731
ห้องสมุดวิทยาเขตสวรรค์ประชารักษ์
►ส่วนจัดเก็บหนังสือเก่า สปร
บนชั้น
  ขอยืม
7. วิทยาศาสตร์การแพทย์ และสุขภาพ
วิทยาศาสตร์การแพทย์ และสุขภาพ
WS100 ต367ก ล.1 ฉ.6 
  Barcode: 000732
ห้องสมุดวิทยาเขตสวรรค์ประชารักษ์
►ส่วนจัดเก็บหนังสือเก่า สปร
บนชั้น
  ขอยืม
8. วิทยาศาสตร์การแพทย์ และสุขภาพ
วิทยาศาสตร์การแพทย์ และสุขภาพ
WS100 ต367ก ล.1 ฉ.7 
  Barcode: 000733
ห้องสมุดวิทยาเขตสวรรค์ประชารักษ์
►ส่วนจัดเก็บหนังสือเก่า สปร
บนชั้น
  ขอยืม
9. วิทยาศาสตร์การแพทย์ และสุขภาพ
วิทยาศาสตร์การแพทย์ และสุขภาพ
WS100 ต367ก ล.1 ฉ.8 
  Barcode: 000734
ห้องสมุดวิทยาเขตสวรรค์ประชารักษ์
►ส่วนจัดเก็บหนังสือเก่า สปร
บนชั้น
  ขอยืม
10. วิทยาศาสตร์การแพทย์ และสุขภาพ
วิทยาศาสตร์การแพทย์ และสุขภาพ
WS100 ต367ก ล.1 ฉ.9 
  Barcode: 000735
ห้องสมุดวิทยาเขตสวรรค์ประชารักษ์
►ส่วนจัดเก็บหนังสือเก่า สปร
บนชั้น
  ขอยืม

รายการใกล้เคียง
    หัวเรื่อง [กุมารเวชศาสตร์]

BibComment


ยังไม่เคยถูกคอมเมนท์

คอมเมนท์ทรัพยากรรายการนี้
  คอมเมนท์: ตำรากุมารเวชศาสต..


 Copyright 2026. Bcnsprnw @Library